00686nam a2200193 a 450000100060000000300090000600800410001502000150005604000280007108200160009910000190011524500390013426000450017330000100021849000430022850501280027165000540039965000390045322751CO-ViMGA141112s2004 ck r 000 u spa d a8420636991 aCO-ViMGAbspacCO-ViMGA04a155.3 F738t1 aFreud, Sigmund10aTres ensayos sobre teoría sexual aEspaña : bBibliotec Alianza Editorial a172p. aLibro de bolsillo Biblioteca de Autor aLas aberraciones sexuales, La sexualidad infantil, La metamorfosis de la pubertad, Fetichismo, Sobre la sexualidad femenina14aSEXO - (PSICOLOGIA) - ENSAYOS, CONFERENCIAS, ETC.14aSEXO - ENSAYOS, CONFERENCIAS, ETC